MARC

Tag First Indicator Second Indicator Subfields
LEADER 00000cam a2200000 a 4500
001 in00004472983
005 20210818135055.0
008 900711s1990 dcu b 00110 eng d
010 |a  90050389  
020 |a 030904278X (hard) 
020 |a 0309042879 (pbk) 
035 |a (OCoLC)21991155 
035 |9 AAE2478MS 
035 |z (UtOrBLW)13575 
035 |a 24159 
040 |a NRZ  |c NRZ  |d TJM  |d VET  |d TMV  |d UtOrBLW 
043 |a n-us--- 
049 |a TMVM  |c 1 
060 4 |a WC 503.4 AA1  |b N2772a 1990 
110 2 |a National Research Council (U.S.).  |b Committee on AIDS Research and the Behavioral, Social, and Statistical Sciences. 
245 1 0 |a AIDS :  |b the second decade /  |c Heather G. Miller, Charles F. Turner, and Lincoln E. Moses, editors ; Committee on AIDS Research and the Behavioral, Social, and Statistical Sciences, Commission on Behavioral and Social Sciences and Education, National Research Council. 
264 1 |a Washington, D.C. :  |b National Academy Press,  |c 1990. 
300 |a xii, 495 pages ;  |c 23 cm. 
336 |a text  |2 rdacontent  |b txt 
337 |a unmediated  |2 rdamedia 
338 |a volume  |2 rdacarrier  |b nc 
504 |a Includes bibliographical references and index. 
650 2 |a Acquired Immunodeficiency Syndrome  |x epidemiology  |z United States. 
650 2 |a Acquired Immunodeficiency Syndrome  |x prevention & control  |z United States. 
650 2 |a Health Behavior  |z United States. 
650 2 |a Sexual Behavior  |z United States. 
650 2 |a Substance Abuse, Intravenous  |x complications. 
700 1 |a Turner, Charles F. 
700 1 |a Moses, Lincoln E. 
700 1 |a Miller, Heather G. 
710 2 |a National Research Council (U.S.).  |b Commission on Behavioral and Social Sciences and Education. 
740 0 |a AIDS, the second decade. 
999 |a MARS 
999 f f |s b9e62c4a-5e75-3278-8a5e-027f4bb4bc1f  |i 28a9e0e6-b381-3f70-9b21-43a3868f81e6  |t 0 
952 f f |p ric  |a Texas A&M University  |b Rellis Campus  |c Joint Library Facility  |d Remote Storage  |t 0  |e WC 503.4 AA1 N2772a 1990  |h National Library of Medicine classification  |i unmediated -- volume  |m 323890095846E 
998 f f |a WC 503.4 AA1 N2772a 1990  |t 0  |l Remote Storage